MARC

Tag First Indicator Second Indicator Subfields
LEADER 00000cam a2200000 4500
001 in00000096837
005 20150925090452.0
008 690715s1969 nyua b 10100 eng
010 |a  77076496  
035 |a (OCoLC)00018635 
035 |9 AAL2550AM 
040 |a DLC  |c DLC  |d TXA  |d UtOrBLW 
049 |a TXAM  |c [528150] 
050 0 0 |a TL574.D7  |b S9 1968 
082 0 |a 620.1 
111 2 |a Symposium on Viscous Drag Reduction  |d (1968 :  |c Dallas) 
245 1 0 |a Viscous drag reduction ;  |b proceedings /  |c Edited by C. Sinclair Wells. 
264 1 |a New York :  |b Plenum Press,  |c 1969. 
300 |a xi, 500 pages :  |b illustrations ;  |c 26 cm. 
336 |a text  |b txt  |2 rdacontent 
337 |a unmediated  |b n  |2 rdamedia 
338 |a volume  |b nc  |2 rdacarrier 
500 |a Held at the LTV Research Center, Dallas, Tex., Sept. 24-25, 1968. 
500 |a Sponsored by Office of Naval Research, Naval Ship Research and Development Center, National Aeronautics and Space Administration. 
504 |a Includes bibliographies. 
650 0 |a Drag (Aerodynamics)  |x Congresses. 
650 0 |a Fluid mechanics  |v Congresses. 
700 1 |a Wells, C. Sinclair. 
710 2 |a Ling-Temco-Vought.  |b Research Center, Dallas. 
710 1 |a United States.  |b Office of Naval Research. 
710 2 |a Naval Ship Research and Development Center. 
710 1 |a United States.  |b National Aeronautics and Space Administration. 
999 |a MARS 
999 f f |s 3b56437e-194f-3055-9a91-999f4cf2fd67  |i 14ec5d17-6bb5-35d7-b7ca-6f509e66e87b  |t 0 
952 f f |p ric  |a Texas A&M University  |b Rellis Campus  |c Joint Library Facility  |d Remote Storage  |t 0  |e TL574.D7 S9 1968  |h Library of Congress classification  |i unmediated -- volume  |m A14805544064 
998 f f |a TL574.D7 S9 1968  |t 0  |l Remote Storage